000 003320000a22001450004500
005 20120302054445.0
942 _cBOOK
245 _a Kalyan-GoAnka Parishishtaanka:Anka 5
260 _aGorakhpur:Geeta,1946.
300 _a874-935p.
040 _aHIN
650 _aSankirna
650 _aMaasik-Sankirna
650 _aGoanka-Kalyan
999 _c345681
_d345678